[Event "SF-2012-0-00168"]
[Site "LSS email"]
[Date "2012.10.03"]
[Round "?"]
[White "Lawrence, William"]
[Black "Chamberlain, Edwin"]
[Result "1-0"]
[WhiteElo "1190"]
[BlackElo "1021"]
[PlyCount "59"]
[EventDate "2012.09.06"]
[EventType "tourn (corr)"]
[EventRounds "6"]
[EventCountry "GER"]
[SourceTitle "Telechess CBM 163"]
[Source "ChessBase"]
[SourceDate "2014.11.11"]
[SourceVersion "2"]
[SourceVersionDate "2014.11.11"]
[SourceQuality "1"]

1. e4 c5 2. Nf3 g6 3. d4 cxd4 4. Nxd4 Bg7 5. Nc3 Nc6 6. Be3 Nf6 7. Bc4 0-0 8. 0-0 Nxe4 9. Nxc6 bxc6 10. Nxe4 d5 11. Bd3 dxe4 12. Bxe4 Bb7 13. c3 Qxd1 14. Rfxd1 Rfd8 15. Rxd8+ Rxd8 16. Bxa7 Rd2 17. Rb1 Kf8 18. Be3 Rd8 19. a4 f5 20. Bc2 Kf7 21. Rd1 Rxd1+ 22. Bxd1 e5 23. Bb3+ Kf6 24. Bc4 f4 25. Bc5 Kf5 26. a5 e4 27. a6 Ba8 28. Bb3 h6 29. Bc2 Bf6 30. f3 1-0

[Event "SF-2012-0-00162"]
[Site "LSS email"]
[Date "2012.08.23"]
[Round "?"]
[White "Lawrence, William"]
[Black "Raines, David T"]
[Result "1-0"]
[WhiteElo "1182"]
[BlackElo "1084"]
[PlyCount "57"]
[EventDate "2012.08.03"]
[EventType "tourn (corr)"]
[EventRounds "6"]
[EventCountry "GER"]
[SourceTitle "Telechess CBM 165"]
[Source "ChessBase"]
[SourceDate "2015.03.11"]
[SourceVersion "1"]
[SourceVersionDate "2015.03.11"]
[SourceQuality "1"]

1. e4 c6 2. d4 d5 3. e5 Bf5 4. Nf3 e6 5. Be2 Nd7 6. 0-0 Ne7 7. Nc3 a6 8. Be3 Bg6 9. Bd3 c5 10. dxc5 Nc6 11. Bxg6 hxg6 12. Na4 Be7 13. Nb6 Nxb6 14. cxb6 Bb4 15. c3 Ba5 16. Qb3 Rh5 17. Rfd1 Rc8 18. c4 Ne7 19. cxd5 exd5 20. Rac1 Rc6 21. Rxc6 Nxc6 22. Rxd5 Qe7 23. Nd4 Nxd4 24. Bxd4 Qb4 25. Qxb4 Bxb4 26. g4 Rh8 27. Bc5 Rh4 28. f3 Be1 29. Rd1 1-0

[Event "SN-2010-0-00274"]
[Site "LSS email"]
[Date "2010.09.12"]
[Round "?"]
[White "Brough, Carl"]
[Black "Lawrence, William"]
[Result "0-1"]
[WhiteElo "620"]
[BlackElo "800"]
[PlyCount "62"]
[EventDate "2010.08.31"]
[EventType "tourn (corr)"]
[EventRounds "6"]
[EventCountry "GER"]
[SourceTitle "Telechess CBM 143"]
[Source "ChessBase"]
[SourceDate "2011.07.15"]
[SourceVersion "1"]
[SourceVersionDate "2011.07.15"]
[SourceQuality "1"]

1. d4 e6 2. c4 d5 3. c5 b6 4. e3 bxc5 5. Bb5+ c6 6. Ba4 cxd4 7. Qxd4 Nf6 8. Nf3 Bd6 9. Ne5 Qc7 10. f4 0-0 11. Bd2 c5 12. Qc3 Ne4 13. Qc2 Bxe5 14. fxe5 Qxe5 15. Nc3 Nxd2 16. Qxd2 d4 17. Ne2 dxe3 18. Qc2 Rd8 19. Bb5 Bb7 20. Rd1 Nc6 21. 0-0 Nb4 22. Qb3 a6 23. Ba4 Rd2 24. Rxd2 exd2 25. Qc4 Rd8 26. a3 Qe3+ 27. Kh1 Nd3 28. Nc3 Nf2+ 29. Kg1 Nh3+ 30. Kh1 Qg1+ 31. Rxg1 Nf2# 0-1

[Event "OP-2010-0-01139"]
[Site "LSS email"]
[Date "2010.04.18"]
[Round "?"]
[White "Canale, Nicola"]
[Black "Lawrence, William"]
[Result "0-1"]
[WhiteElo "1398"]
[BlackElo "800"]
[PlyCount "110"]
[EventDate "2010.04.12"]
[EventType "tourn (corr)"]
[EventRounds "4"]
[EventCountry "GER"]
[SourceTitle "Telechess CBM 141"]
[Source "ChessBase"]
[SourceDate "2011.03.17"]
[SourceVersion "1"]
[SourceVersionDate "2011.03.17"]
[SourceQuality "1"]

1. e4 c6 2. Nf3 d5 3. Nc3 Bg4 4. d4 Nf6 5. exd5 cxd5 6. Bb5+ Nc6 7. Bg5 a6 8. Bxc6+ bxc6 9. Qe2 Bxf3 10. Qxf3 e6 11. 0-0 Be7 12. Rae1 0-0 13. Re5 Nd7 14. Bxe7 Qxe7 15. Re2 Qg5 16. Rb1 c5 17. dxc5 Nxc5 18. b4 Nd7 19. a4 Ne5 20. Qe3 Qxe3 21. Rxe3 Nc4 22. Rd3 Rfc8 23. b5 axb5 24. Rxb5 Na3 25. Rb2 d4 26. Nb5 Nxb5 27. Rxb5 Rxa4 28. g3 f6 29. Rd2 e5 30. f4 d3 31. cxd3 exf4 32. d4 fxg3 33. hxg3 Rd8 34. d5 Ra7 35. d6 Kf7 36. Rc5 Ke6 37. Rc7 Rxc7 38. dxc7 Rc8 39. Rc2 Kd7 40. Rh2 h6 41. Rd2+ Kxc7 42. Rc2+ Kd7 43. Rd2+ Ke6 44. Re2+ Kf5 45. Rf2+ Kg4 46. Kg2 Rc4 47. Rd2 f5 48. Rd7 g5 49. Rd6 Rc2+ 50. Kf1 Kxg3 51. Rd3+ Kg4 52. Rd4+ f4 53. Rd6 Kg3 54. Rd3+ f3 55. Rd6 Rc1+ 0-1

[Event "OP-2010-0-01139"]
[Site "LSS email"]
[Date "2010.04.18"]
[Round "?"]
[White "Lawrence, William"]
[Black "Sherwood, Russell"]
[Result "1-0"]
[WhiteElo "1015"]
[BlackElo "1694"]
[PlyCount "67"]
[EventDate "2010.04.12"]
[EventType "tourn (corr)"]
[EventRounds "4"]
[EventCountry "GER"]
[SourceTitle "Telechess CBM 147"]
[Source "ChessBase"]
[SourceDate "2012.03.16"]
[SourceVersion "1"]
[SourceVersionDate "2012.03.16"]
[SourceQuality "1"]

1. d4 f5 2. Nc3 Nf6 3. Bg5 e6 4. e4 fxe4 5. Nxe4 Be7 6. Bxf6 Bxf6 7. Nf3 0-0 8. Bd3 Be7 9. 0-0 d5 10. Ng3 Nc6 11. c3 Bd6 12. Qc2 g6 13. Rae1 Bd7 14. Bxg6 hxg6 15. Qxg6+ Kh8 16. Nh5 Qe7 17. Ng5 Bf4 18. Nxe6 Bxe6 19. Nxf4 Rxf4 20. Qh6+ Qh7 21. Qxf4 Bf5 22. Re3 Rg8 23. Rfe1 Be4 24. f3 Qg7 25. g3 Bg6 26. Qh4+ Qh7 27. Qxh7+ Kxh7 28. h4 Bf5 29. g4 Bd7 30. h5 Kh6 31. Kg2 a5 32. Kg3 Rf8 33. Kh4 Kg7 34. Kg5 1-0